[Event "ICS rated standard match"]
[Site "204.178.125.65"]
[Date "2000.02.22"]
[Round "?"]
[White "Tinker"]
[Black "Hossa"]
[Result "0-1"]
[WhiteElo "2255"]
[BlackElo "2225"]
[PlyCount "164"]

1. e4 Nf6 2. e5 Nd5 3. Nf3 d6 4. d4 Bf5 5. Bc4 Nb6 6. Bb5+ c6 7. Be2 dxe5 8.
Nxe5 g6 9. O-O Bg7 10. Bf4 Nd5 11. Bd2 Nd7 12. Nxd7 Qxd7 13. c3 O-O 14. Bf3
Rfd8 15. Qe2 Re8 16. Be4 e5 17. Bxf5 Qxf5 18. Re1 Qc2 19. Na3 Qxb2 20. Nc4 Qc2
21. dxe5 b5 22. Ne3 Nxe3 23. Bxe3 Qxe2 24. Rxe2 Bxe5 25. Rc1 Bf4 26. Ree1 Bxe3
27. fxe3 Rad8 28. Rc2 Re4 29. Kf2 Rd3 30. Kf3 f5 31. g3 g5 32. h3 h5 33. Kf2 a5
34. Kf3 Kf7 35. Kf2 Ke6 36. Kf3 Kd5 37. Kf2 Kc4 38. Rce2 Rxc3 39. Kg2 c5 40.
Rf1 Kd3 41. Rb2 Rxe3 42. Rxf5 Rxg3+ 43. Kxg3 Ke4+ 44. Kg2 Kxf5 45. Rxb5 a4 46.
Ra5 a3 47. Ra8 g4 48. Rf8+ Ke4 49. hxg4 hxg4 50. Re8+ Kf5 51. Rf8+ Ke5 52. Re8+
Kf6 53. Rf8+ Ke7 54. Rf5 Rc2+ 55. Kg3 Kd6 56. Rf6+ Ke5 57. Rf1 Rxa2 58. Kxg4
Rg2+ 59. Kf3 Rg8 60. Ra1 a2 61. Rxa2 Kd4 62. Rd2+ Kc3 63. Rd7 Re8 64. Rb7 c4
65. Kf4 Kc2 66. Rd7 c3 67. Kf3 Rb8 68. Rc7 Kb2 69. Ke3 c2 70. Kd2 Rd8+ 71. Ke2
c1=Q 72. Rxc1 Kxc1 73. Ke3 Rg8 74. Kd3 Rg4 75. Kc3 Kd1 76. Kd3 Ra4 77. Kc3 Ke2
78. Kb3 Rd4 79. Kc3 Re4 80. Kc2 Re3 81. Kc1 Kd3 82. Kb2 Kd2 0-1

[Event "ICS rated blitz match"]
[Site "204.178.125.65"]
[Date "2000.02.22"]
[Round "?"]
[White "Chaos23"]
[Black "Hossa"]
[Result "0-1"]
[WhiteElo "2295"]
[BlackElo "2383"]
[PlyCount "44"]

1. e4 e5 2. f4 exf4 3. Nf3 g5 4. h4 g4 5. Ng5 h6 6. Nxf7 Kxf7 7. Nc3 Nf6 8. d4
d5 9. exd5 Qe8+ 10. Be2 f3 11. O-O fxe2 12. Nxe2 Bd6 13. Nf4 Kg7 14. c4 Qf7 15.
Qd3 Re8 16. Bd2 Na6 17. a3 Bd7 18. Rf2 Kg8 19. Raf1 Ne4 20. Ne6 Nxf2 21. Rxf2
Qh5 22. Rf5 Qxh4 0-1

[Event "ICS rated standard match"]
[Site "204.178.125.65"]
[Date "2000.02.22"]
[Round "?"]
[White "star"]
[Black "Hossa"]
[Result "1-0"]
[WhiteElo "2542"]
[BlackElo "2242"]
[PlyCount "63"]

1. c4 e5 2. Nc3 Nc6 3. Nf3 Nf6 4. g3 d5 5. cxd5 Nxd5 6. Bg2 Nxc3 7. bxc3 e4 8.
Ng1 f5 9. f3 e3 10. d4 f4 11. Nh3 g5 12. Qd3 Be7 13. gxf4 Bxh3 14. Bxh3 gxf4
15. Rb1 Rb8 16. Qf5 Qd6 17. Rg1 Nd8 18. Rg7 c6 19. Rb3 Qf6 20. Qd7+ Kf8 21.
Rxe7 Qh4+ 22. Kd1 Qxe7 23. Ba3 Qxa3 24. Rxa3 Ra8 25. Rxa7 Rxa7 26. Qxd8+ Kg7
27. Qe7+ Kg6 28. Qe6+ Kg7 29. Qe5+ Kg6 30. Bf5+ Kf7 31. Qe6+ Kf8 32. Qd6+ 1-0

[Event "ICS rated blitz match"]
[Site "204.178.125.65"]
[Date "2000.02.22"]
[Round "?"]
[White "Beadle"]
[Black "Hossa"]
[Result "1-0"]
[WhiteElo "2543"]
[BlackElo "2395"]
[PlyCount "133"]

1. c4 Nf6 2. Nc3 e6 3. Nf3 c5 4. g3 d5 5. cxd5 exd5 6. d4 Nc6 7. Bg2 cxd4 8.
Nxd4 Qb6 9. Nb3 d4 10. Ne4 Nxe4 11. Bxe4 Bh3 12. Bd2 Rc8 13. Qb1 g6 14. Qd3 Bg7
15. Qc4 O-O 16. Qc5 Rfe8 17. Qxb6 axb6 18. f3 Bg2 19. Rg1 Bh3 20. Kf2 Re7 21.
g4 Be5 22. Rgc1 Ree8 23. Rc4 b5 24. Rc5 d3 25. exd3 Bxb2 26. Re1 Ba3 27. Rxb5
Bd6 28. Rxb7 Nd8 29. Rd7 Bb8 30. Nd4 h5 31. Bd5 Be5 32. Nc6 Nxc6 33. Bxf7+ Kh8
34. Bxe8 Rxe8 35. Bc3 Kg8 36. Rd5 Bxc3 37. Rxe8+ Kf7 38. Re4 Nb4 39. Rd7+ Kf6
40. Rc7 Nxd3+ 41. Ke3 Nb4 42. Rxc3 Nd5+ 43. Kd2 Nxc3 44. Kxc3 hxg4 45. fxg4 Bg2
46. Rb4 Kg5 47. a4 Kh4 48. a5 g5 49. a6 Kh3 50. a7 Bf3 51. Kd4 Bc6 52. Kc5 Bh1
53. Rb6 Ba8 54. Rb8 Be4 55. Kb6 Kxg4 56. Rb7 Kf5 57. a8=Q Bd3 58. Qc8+ Kf4 59.
Rf7+ Ke3 60. Qc5+ Ke4 61. Re7+ Kf4 62. Qf2+ Kg4 63. Re3 Kh5 64. Rh3+ Kg6 65.
Qf8 g4 66. Rh6+ Kg5 67. Qf6# 1-0

[Event "ICS rated blitz match"]
[Site "204.178.125.65"]
[Date "2000.02.22"]
[Round "?"]
[White "Hossa"]
[Black "Beadle"]
[Result "0-1"]
[WhiteElo "2385"]
[BlackElo "2553"]
[PlyCount "76"]

1. d4 Nf6 2. Nf3 g6 3. c4 Bg7 4. g3 O-O 5. Bg2 d5 6. cxd5 Nxd5 7. h4 Nc6 8. h5
Nb6 9. hxg6 fxg6 10. Bh6 Bxh6 11. Rxh6 Qd6 12. e3 Qb4+ 13. Nbd2 Qxb2 14. Qb3+
Qxb3 15. axb3 Nb4 16. Kf1 N6d5 17. Ra5 b6 18. Ra1 Bg4 19. e4 Bxf3 20. Nxf3 Nc3
21. Rc1 Nxe4 22. Rxc7 Rac8 23. Rxa7 Rc1+ 24. Ke2 Nc3+ 25. Ke3 Rc2 26. Rxg6+
hxg6 27. Nd2 Nd1+ 28. Ke4 Rxd2 29. f4 Rd3 30. Ke5 Re3+ 31. Be4 Nc3 32. Ke6
Rxe4+ 33. Kd7 Rxd4+ 34. Kc7 Rd6 35. Ra5 bxa5 36. Kb7 Rd7+ 37. Kb6 Rf5 38. g4
Rb5# 0-1

[Event "ICS rated blitz match"]
[Site "204.178.125.65"]
[Date "2000.02.22"]
[Round "?"]
[White "Beadle"]
[Black "Hossa"]
[Result "1/2-1/2"]
[WhiteElo "2562"]
[BlackElo "2376"]
[PlyCount "80"]

1. e4 e6 2. d4 a6 3. Nf3 d5 4. exd5 exd5 5. Bd3 Nf6 6. O-O Be7 7. Bg5 O-O 8.
Nc3 Nc6 9. Bf4 Nb4 10. Re1 Re8 11. a3 Nxd3 12. Qxd3 c6 13. Kh1 b6 14. Ne5 Ng4
15. Nxg4 Bxg4 16. Na4 Ra7 17. Qc3 Bd7 18. Rad1 c5 19. Qb3 Bxa4 20. Qxa4 b5 21.
Qb3 cxd4 22. a4 Rb7 23. Rxd4 Bc5 24. Rdd1 Rxe1+ 25. Rxe1 Re7 26. Be3 bxa4 27.
Qxa4 Qb6 28. Qa2 Re5 29. h3 h6 30. Qa1 Bxe3 31. fxe3 Rxe3 32. Rxe3 Qxe3 33.
Qxa6 Qe1+ 34. Kh2 Qe5+ 35. Kh1 Qxb2 36. Qc8+ Kh7 37. Qf5+ Kg8 38. Qc8+ Kh7 39.
Qf5+ Kg8 40. Qc8+ Kh7 1/2-1/2

[Event "ICS rated blitz match"]
[Site "204.178.125.65"]
[Date "2000.02.22"]
[Round "?"]
[White "PostModernist"]
[Black "Hossa"]
[Result "1-0"]
[WhiteElo "2453"]
[BlackElo "2367"]
[PlyCount "103"]

1. Nf3 c6 2. g3 d5 3. Bg2 e6 4. O-O h5 5. d4 Be7 6. Bf4 h4 7. gxh4 Bxh4 8. Nc3
Qf6 9. Qd2 Nd7 10. e4 Ne7 11. e5 Qf5 12. Nxh4 Rxh4 13. Bg3 Rh8 14. Nd1 Qh5 15.
Ne3 b6 16. c4 Ba6 17. Rfc1 Rd8 18. cxd5 exd5 19. Rc2 Rh7 20. h3 g5 21. b4 Rh8
22. a4 Bb7 23. b5 c5 24. dxc5 bxc5 25. Qa5 Nc8 26. Nf5 Qh7 27. Nd6+ Ke7 28. Qd2
Nxd6 29. Qxg5+ f6 30. exd6+ Kf7 31. Qd2 Kg6 32. Rac1 Qh5 33. Re1 Qf5 34. Re7
Ba8 35. Bf1 c4 36. Rc1 Rxh3 37. Bxh3 Qxh3 38. Qc2+ f5 39. Qe2 Nc5 40. Qe5 Rg8
41. d7 Qh6 42. Re1 Nxd7 43. Re6+ Kh7 44. Rxh6+ Kxh6 45. Qxf5 Nf8 46. Qf6+ Ng6
47. Re7 Kh5 48. Rh7+ Kg4 49. f3+ Kxg3 50. Rh3+ Kxh3 51. Qf5+ Kg3 52. Qg4# 1-0

[Event "ICS rated bullet match"]
[Site "204.178.125.65"]
[Date "2000.02.22"]
[Round "?"]
[White "ImDeadUgly"]
[Black "Hossa"]
[Result "0-1"]
[WhiteElo "2062"]
[BlackElo "2370"]
[PlyCount "34"]

1. e4 d5 2. exd5 e6 3. dxe6 Bxe6 4. Nc3 Bd6 5. Bd3 Nf6 6. Nf3 O-O 7. O-O Re8 8.
Re1 Nbd7 9. Ng5 Bxh2+ 10. Kxh2 Ng4+ 11. Kg1 Qxg5 12. Bxh7+ Kxh7 13. d4 Qh5 14.
Qf3 Qh2+ 15. Kf1 Bc4+ 16. Qd3+ Bxd3+ 17. cxd3 Qh1# 0-1

[Event "ICS rated blitz match"]
[Site "204.178.125.65"]
[Date "2000.02.22"]
[Round "?"]
[White "Hossa"]
[Black "Amateur"]
[Result "0-1"]
[WhiteElo "2355"]
[BlackElo "2376"]
[PlyCount "164"]

1. Nf3 Nf6 2. d4 g6 3. c4 Bg7 4. Nc3 O-O 5. e4 d6 6. Bg5 h6 7. Bh4 Bg4 8. Qb3
b6 9. O-O-O Nc6 10. h3 Bxf3 11. gxf3 Nh5 12. Ne2 Na5 13. Qc2 c6 14. Rg1 b5 15.
c5 Qc7 16. cxd6 exd6 17. Nc3 Rac8 18. Kb1 b4 19. Na4 Rb8 20. b3 Rfe8 21. Qd2
Qd7 22. d5 c5 23. Rc1 Qc7 24. Nb2 g5 25. Bxg5 hxg5 26. Qxg5 Re5 27. Qh6 Qe7 28.
Nd3 c4 29. bxc4 b3 30. a3 Rc8 31. c5 Rxc5 32. Nxc5 dxc5 33. Qa6 Rg5 34. Rxg5
Qxg5 35. Rxc5 Qd2 36. Qe2 Qd4 37. Rc8+ Kh7 38. e5 Bxe5 39. Qe4+ Qxe4+ 40. fxe4
Nf4 41. Rc5 Nb7 42. Rb5 Nd6 43. Rb4 a5 44. Ra4 Bc3 45. Kc1 Ng6 46. Kb1 Kh6 47.
f3 Ne5 48. Be2 Nb7 49. f4 Nc5 50. Rxa5 Bxa5 51. fxe5 Bc3 52. Bf3 b2 53. Ka2
Bxe5 54. h4 Nb7 55. Be2 Nc5 56. Bf3 Bc3 57. Bg2 Nb3 58. Bf1 Be5 59. Bc4 b1=Q+
60. Kxb1 Nd2+ 61. Kc1 Nxc4 62. Kc2 Kh5 63. a4 Kxh4 64. Kd3 Nb2+ 65. Ke3 Nxa4
66. Ke2 Kg4 67. Kd2 Kf3 68. Kd3 Nb6 69. d6 f6 70. Kc2 Kxe4 71. d7 Nxd7 72. Kb3
Kd3 73. Kb4 f5 74. Kb5 f4 75. Kb4 Bd4 76. Kb5 f3 77. Kc6 Ne5+ 78. Kc7 f2 79.
Kb7 f1=Q 80. Kc8 Qf7 81. Kb8 Bb6 82. Kc8 Qc7# 0-1

[Event "ICS rated blitz match"]
[Site "204.178.125.65"]
[Date "2000.02.22"]
[Round "?"]
[White "DiepX"]
[Black "Hossa"]
[Result "1-0"]
[WhiteElo "2625"]
[BlackElo "2340"]
[PlyCount "125"]

1. e4 e6 2. d4 d5 3. Nc3 Nf6 4. Bg5 dxe4 5. Nxe4 Nbd7 6. Nf3 Be7 7. Nxf6+ Bxf6
8. Qd2 Bxg5 9. Nxg5 O-O 10. Bd3 Nf6 11. O-O Qd6 12. Rae1 Rd8 13. c3 c5 14. Qc2
g6 15. Ne4 Nxe4 16. Rxe4 f5 17. Rh4 Qe7 18. g3 g5 19. Rh5 cxd4 20. cxd4 Rxd4
21. Re1 Qd8 22. Bc4 Qf6 23. Qc3 Bd7 24. Rxg5+ Kh8 25. Bxe6 Bxe6 26. Rxe6 Rd1+
27. Kg2 Qxc3 28. bxc3 Rd7 29. Rxf5 Rg8 30. c4 b6 31. Rd5 Rc7 32. Re4 Rf7 33. f4
Rg6 34. Kf3 Rh6 35. Rg5 Rf8 36. Re2 Rc8 37. Re7 Rxh2 38. Rxa7 Rh3 39. Rb7 Rh2
40. a4 h6 41. Rd5 Ra2 42. Rxb6 Rxa4 43. c5 Kg7 44. Rd7+ Kh8 45. Rxh6+ Kg8 46.
Rg6+ Kh8 47. Rg5 Ra3+ 48. Ke4 Ra1 49. Rd6 Rh1 50. c6 Kh7 51. Rd7+ Kh6 52. Rgg7
Re1+ 53. Kf5 Rf8+ 54. Kg4 Re4 55. Rh7+ Kg6 56. Rh5 Re1 57. Rg5+ Kh6 58. c7 Rc1
59. c8=R Rc4 60. Rd6+ Kh7 61. Kh5 Rc6 62. Rd7+ Rf7 63. Rxf7# 1-0

[Event "ICS rated blitz match"]
[Site "204.178.125.65"]
[Date "2000.02.22"]
[Round "?"]
[White "Hossa"]
[Black "QueenMaxima"]
[Result "0-1"]
[WhiteElo "2335"]
[BlackElo "2285"]
[PlyCount "186"]

1. b3 e5 2. Bb2 d6 3. e4 Nf6 4. Nc3 Be7 5. Nf3 O-O 6. Be2 Nc6 7. d4 exd4 8.
Nxd4 Bd7 9. Nxc6 Bxc6 10. Qd4 Nd7 11. Nd5 Bf6 12. Nxf6+ Nxf6 13. f3 Re8 14. O-O
a5 15. Rad1 a4 16. a3 Ra5 17. b4 Rg5 18. Qa7 Nd5 19. f4 Rxe4 20. fxg5 Rxe2 21.
Rf2 Rxf2 22. Kxf2 Nb6 23. Rd4 Qc8 24. Bc1 Qf5+ 25. Kg1 Nd7 26. Rd3 Bb5 27. Qxb7
Bxd3 28. cxd3 Qe5 29. Qa8+ Nf8 30. Qe4 Qc3 31. Qe3 Ne6 32. h4 c6 33. h5 g6 34.
h6 Kf8 35. Kh2 Qa1 36. Kh3 Kg8 37. Kg4 Qc3 38. Kh3 Qb3 39. Qe4 d5 40. Qe2 Qc3
41. Qd2 Qe5 42. Qe3 Qc7 43. Bd2 c5 44. bxc5 Qxc5 45. Qxc5 Nxc5 46. d4 Ne4 47.
Bf4 Kf8 48. Kg4 Nf2+ 49. Kf3 Ne4 50. Kg4 Ke7 51. g3 Kd7 52. Bb8 Kc6 53. Kf4 Kb5
54. g4 Kc4 55. Ba7 Nf2 56. Kf3 Nh3 57. Bb6 Nxg5+ 58. Ke3 Ne6 59. Ba7 f6 60. Bb6
Kb3 61. Bc5 f5 62. gxf5 gxf5 63. Kf3 Kc4 64. Bb6 Kd3 65. Ba7 Kd2 66. Bc5 f4 67.
Bb6 Kd3 68. Ba7 Kc4 69. Bc5 Nxd4+ 70. Bxd4 Kxd4 71. Kxf4 Kc4 72. Ke5 d4 73. Ke4
d3 74. Ke3 Kc3 75. Ke4 d2 76. Ke3 d1=Q 77. Kf4 Kd4 78. Kf5 Qe2 79. Kf6 Qe5+ 80.
Kf7 Qe2 81. Kf6 Qg4 82. Kf7 Kd5 83. Kf6 Qh5 84. Ke7 Qd1 85. Kd7 Kc5+ 86. Ke7
Qf3 87. Ke6 Qg4+ 88. Ke5 Kc6 89. Kf6 Kd5 90. Ke7 Qf4 91. Kd8 Kd6 92. Kc8 Kc6
93. Kd8 Qf8# 0-1

[Event "ICS rated blitz match"]
[Site "204.178.125.65"]
[Date "2000.02.22"]
[Round "?"]
[White "Beadle"]
[Black "Hossa"]
[Result "1-0"]
[WhiteElo "2515"]
[BlackElo "2317"]
[PlyCount "199"]

1. e4 e6 2. d4 d5 3. Nd2 Nf6 4. e5 Nfd7 5. Bd3 c5 6. c3 Nc6 7. Ne2 f6 8. Nf4
Qe7 9. exf6 Qxf6 10. Nf3 cxd4 11. Nxd4 Nxd4 12. cxd4 Bb4+ 13. Kf1 O-O 14. g3
Rf7 15. Be3 Nf8 16. Rc1 Bd6 17. Rg1 Bd7 18. Rg2 Rc8 19. Rxc8 Bxc8 20. Kg1 g6
21. Qc2 Bd7 22. Nh3 Be8 23. Qc8 Ba4 24. b3 Rc7 25. Qa8 Rc3 26. Bf1 Bc6 27. Qxa7
Qf5 28. Nf4 Qb1 29. Qa5 Qa1 30. Qb6 Bxf4 31. Bxf4 Rd3 32. f3 Rxf3 33. Rf2 Rxf2
34. Kxf2 Qxa2+ 35. Kg1 Qb2 36. Bd6 Kf7 37. Qb4 Nd7 38. Bc7 Qa1 39. Kg2 e5 40.
dxe5 Nxe5 41. Qf4+ Ke6 42. Be2 Qb2 43. Kf1 Qb1+ 44. Kf2 Nf7 45. Bg4+ Ke7 46.
Bb6 Qc2+ 47. Kg1 Qc3 48. h3 h5 49. Be2 Qxb3 50. Bc5+ Ke6 51. Qc7 Qb1+ 52. Kh2
Bd7 53. Bf3 Qd3 54. Bg2 Qc2 55. h4 b5 56. Qb6+ Kf5 57. Be7 Qb2 58. Kh1 Nh6 59.
Qc7 Qb1+ 60. Kh2 Ng4+ 61. Kh3 Ne5 62. Bxd5 Qf1+ 63. Bg2 Qe2 64. Qd6 Be6 65. Bd8
Qc4 66. Qe7 Qg4+ 67. Kh2 Nf3+ 68. Bxf3 Qxf3 69. Qf6+ Ke4 70. Qxe6+ Kd4 71. Bf6+
Kd3 72. Qb3+ Ke4 73. Qb4+ Ke3 74. Bd4+ Kd3 75. Qc3+ Ke2 76. Qc2+ Kf1 77. Qb1+
Ke2 78. Qxb5+ Qd3 79. Qe5+ Kd1 80. Kg2 Qc4 81. Qe4 Qa2+ 82. Kf3 Qa3+ 83. Be3
Qf8+ 84. Kg2 Qf5 85. Qxf5 gxf5 86. Kf3 Ke1 87. Kf4 Ke2 88. Ba7 Kd3 89. Kxf5 Kc4
90. g4 Kd5 91. gxh5 Kd6 92. h6 Kd5 93. h7 Kc6 94. h8=Q Kb5 95. Qb2+ Kc4 96. Bd4
Kd5 97. Qc3 Kd6 98. Qc5+ Kd7 99. Bf6 Ke8 100. Qe7# 1-0

[Event "ICS rated blitz match"]
[Site "204.178.125.65"]
[Date "2000.02.22"]
[Round "?"]
[White "MysticWarrior"]
[Black "Hossa"]
[Result "1-0"]
[WhiteElo "2800"]
[BlackElo "2309"]
[PlyCount "123"]

1. e4 e6 2. d4 d5 3. Nc3 Nf6 4. Bg5 dxe4 5. Nxe4 Be7 6. Bxf6 Bxf6 7. Nf3 Be7 8.
Bd3 Nc6 9. Bb5 Bd7 10. O-O O-O 11. Re1 a6 12. Bc4 Qc8 13. Qd2 Rd8 14. Qf4 Rb8
15. Neg5 Bf6 16. d5 exd5 17. Bxd5 Rf8 18. Be4 Bxg5 19. Nxg5 h6 20. Nf3 Re8 21.
Bd5 Be6 22. Bxe6 fxe6 23. Rad1 Rf8 24. Qe3 Rf6 25. Ne5 Nxe5 26. Qxe5 Qf8 27.
Rd7 c6 28. f3 g6 29. Red1 b6 30. R1d6 Re8 31. Rxc6 Rd8 32. Rxd8 Qxd8 33. Rd6
Qe7 34. Rxb6 Qa7 35. Qxf6 Qxb6+ 36. Kh1 Qe3 37. Qxg6+ Kf8 38. Qf6+ Ke8 39. h4
Kd7 40. Kh2 Kd6 41. Qd8+ Kc6 42. Qa8+ Kb6 43. Qe4 Qxe4 44. fxe4 Kc5 45. g4 Kd6
46. g5 hxg5 47. h5 Ke5 48. Kg3 Kf6 49. a4 Ke5 50. Kg4 Kf6 51. e5+ Kf7 52. Kxg5
Kg7 53. h6+ Kh7 54. c4 Kg8 55. c5 Kf8 56. c6 Ke8 57. h7 Kd8 58. h8=Q+ Kc7 59.
Qa8 Kb6 60. b4 Kc7 61. Qb7+ Kd8 62. Qd7# 1-0

[Event "ICS rated blitz match"]
[Site "204.178.125.65"]
[Date "2000.02.22"]
[Round "?"]
[White "Hossa"]
[Black "sekere"]
[Result "0-1"]
[WhiteElo "2307"]
[BlackElo "2047"]
[PlyCount "82"]

1. c4 b6 2. d4 Bb7 3. e3 f5 4. Nc3 Nf6 5. d5 e6 6. dxe6 Bb4 7. Nge2 O-O 8. exd7
Nbxd7 9. Nd4 Qe8 10. Ndb5 Qe5 11. f4 Qe7 12. Nxc7 Rad8 13. N7d5 Nxd5 14. cxd5
Nf6 15. d6 Rxd6 16. Bc4+ Kh8 17. Qe2 Ne4 18. O-O Rg6 19. Nd5 Qc5 20. Nxb4 Qxb4
21. a3 Qe7 22. Bd3 Nc5 23. g3 Qd7 24. Bc4 Qc6 25. Kf2 Ne4+ 26. Ke1 Rd8 27. Bd3
Rgd6 28. Bxe4 Qxe4 29. Rg1 b5 30. g4 Bd5 31. Qxb5 Bc4 32. Qxc4 Qxc4 33. Kf2
Qc2+ 34. Kg3 fxg4 35. b4 Qe2 36. Rf1 Qxf1 37. Bb2 Qf3+ 38. Kh4 g3 39. Bf6 Rxf6
40. hxg3 Rh6+ 41. Kg5 Qh5# 0-1

[Event "ICS rated blitz match"]
[Site "204.178.125.65"]
[Date "2000.02.22"]
[Round "?"]
[White "Hossa"]
[Black "bertik"]
[Result "1-0"]
[WhiteElo "2281"]
[BlackElo "1977"]
[PlyCount "55"]

1. Nf3 d5 2. c4 e6 3. d4 Nf6 4. e3 Be7 5. cxd5 Nxd5 6. e4 Nb6 7. Bd3 O-O 8. O-O
c5 9. dxc5 Bxc5 10. e5 h6 11. Qc2 Be7 12. Nc3 Nc6 13. Rd1 Qc7 14. Nb5 Qb8 15.
Qe2 a6 16. Qe4 g6 17. Nbd4 Nxd4 18. Qxd4 Nd5 19. Bxh6 Rd8 20. Qg4 Kh7 21. Ng5+
Bxg5 22. Qxg5 Bd7 23. Bc4 Bc6 24. g3 b5 25. Bb3 Nb4 26. Qh4 Nd3 27. Bg5+ Kg8
28. Bf6 1-0

[Event "ICS rated blitz match"]
[Site "204.178.125.65"]
[Date "2000.02.22"]
[Round "?"]
[White "sekere"]
[Black "Hossa"]
[Result "0-1"]
[WhiteElo "2080"]
[BlackElo "2286"]
[PlyCount "78"]

1. f4 e5 2. fxe5 d6 3. exd6 Bxd6 4. Nf3 g5 5. d4 g4 6. Ne5 Bxe5 7. dxe5 Qxd1+
8. Kxd1 Nc6 9. Bf4 Be6 10. e3 O-O-O+ 11. Kc1 Nge7 12. Bb5 Bd5 13. Rg1 a6 14.
Bxc6 Bxc6 15. Nc3 Rd7 16. g3 Bf3 17. b3 Ng6 18. Kb2 Rd2 19. Rae1 Rxh2 20. e4
Nxf4 21. gxf4 Rd8 22. Nd5 h5 23. Re3 Bxe4 24. Rxe4 Rxd5 25. f5 Rc5 26. Rc1 Kd7
27. b4 Rc6 28. Rd1+ Ke7 29. Red4 Rcxc2+ 30. Kb3 Rb2+ 31. Kc3 Rhc2+ 32. Kd3 Re2
33. Rd5 Rxa2 34. Kc3 Ra3+ 35. Kc4 Rc2+ 36. Kd4 Rb2 37. Kc4 b5+ 38. Kc5 Rc2+ 39.
Kd4 Rc4# 0-1

[Event "ICS rated bullet match"]
[Site "204.178.125.65"]
[Date "2000.02.22"]
[Round "?"]
[White "Hossa"]
[Black "Rocket-Man"]
[Result "1-0"]
[WhiteElo "2378"]
[BlackElo "2226"]
[PlyCount "81"]

1. c4 c5 2. Nc3 Nc6 3. g3 Nf6 4. Bg2 g6 5. Nf3 Bg7 6. O-O O-O 7. d3 d5 8. cxd5
Nxd5 9. Bd2 Nc7 10. Qc1 e5 11. Ne4 b6 12. Bg5 f6 13. Bh6 Bb7 14. Qc4+ Kh8 15.
Bxg7+ Kxg7 16. Rfc1 Qd7 17. Nc3 Rad8 18. Qh4 Ne6 19. Nd2 Ncd4 20. Bxb7 Qxb7 21.
b3 Qe7 22. a3 Rf7 23. Ra2 f5 24. Qh3 Qd6 25. Nc4 Qc7 26. b4 cxb4 27. axb4 Qb8
28. b5 Rc7 29. Nxe5 Rdc8 30. Nc4 Qb7 31. Nd6 Qb8 32. Nxc8 Qxc8 33. Qf1 Rxc3 34.
Rxa7+ Kh8 35. Rxc3 Qxc3 36. Rb7 Qc5 37. Qa1 Kg8 38. Qa8+ Nf8 39. Qe8 Nxb5 40.
Qf7+ Kh8 41. Qg7# 1-0

[Event "ICS rated bullet match"]
[Site "204.178.125.65"]
[Date "2000.02.22"]
[Round "?"]
[White "Rocket-Man"]
[Black "Hossa"]
[Result "0-1"]
[WhiteElo "2217"]
[BlackElo "2387"]
[PlyCount "60"]

1. d4 d5 2. f4 e6 3. Nd2 Nf6 4. e3 Bd6 5. Bd3 c5 6. c3 O-O 7. Ngf3 Nc6 8. O-O
cxd4 9. cxd4 Re8 10. Ne5 Qb6 11. Kh1 Nb4 12. Bb1 Rb8 13. Rf3 Re7 14. Rh3 h6 15.
g4 Rc7 16. a3 Bxe5 17. fxe5 Nxg4 18. Rf3 Nc6 19. h3 Nxe3 20. Rxe3 Qxd4 21. Re2
Nxe5 22. Qe1 Nd3 23. Bxd3 Qxd3 24. Nf1 Qxh3+ 25. Rh2 Qf3+ 26. Rg2 Rc2 27. Qg3
Qxf1+ 28. Rg1 Qf6 29. Bf4 Ra8 30. Be5 Qg5 0-1

[Event "ICS rated bullet match"]
[Site "204.178.125.65"]
[Date "2000.02.22"]
[Round "?"]
[White "Hossa"]
[Black "Rocket-Man"]
[Result "1-0"]
[WhiteElo "2350"]
[BlackElo "2254"]
[PlyCount "89"]

1. Nf3 c5 2. g3 Nc6 3. c4 g6 4. d4 cxd4 5. Nxd4 Nf6 6. Bg2 Bg7 7. Nc3 O-O 8.
O-O d5 9. cxd5 Nxd5 10. Nxc6 bxc6 11. Nxd5 cxd5 12. Qxd5 Rb8 13. Qc5 Be6 14.
Qxa7 Bxb2 15. Bxb2 Rxb2 16. e4 Qd2 17. Rad1 Qc2 18. Qxe7 Rxa2 19. Rd8 Rxd8 20.
Qxd8+ Kg7 21. e5 Qc8 22. Qf6+ Kg8 23. Be4 Rd2 24. Qg5 Qd8 25. Qxd8+ Rxd8 26.
Ra1 h5 27. Ra8 Rxa8 28. Bxa8 Kg7 29. Bc6 f6 30. f4 fxe5 31. fxe5 Kf8 32. Kf2
Ke7 33. Ke3 g5 34. h4 gxh4 35. gxh4 Bg4 36. Bd5 Ke8 37. Bf3 Ke7 38. Bxg4 hxg4
39. h5 Ke6 40. h6 Kf7 41. e6+ Kg6 42. h7 Kxh7 43. e7 Kg7 44. e8=Q Kf6 45. Kf4
1-0

[Event "ICS rated bullet match"]
[Site "204.178.125.65"]
[Date "2000.02.22"]
[Round "?"]
[White "Rocket-Man"]
[Black "Hossa"]
[Result "0-1"]
[WhiteElo "2221"]
[BlackElo "2383"]
[PlyCount "52"]

1. d4 d5 2. f4 e6 3. Nd2 Nf6 4. e3 Bd6 5. Bd3 c5 6. c3 O-O 7. Ngf3 Nc6 8. O-O
cxd4 9. cxd4 Re8 10. Ne5 Qb6 11. Rf3 Nb4 12. Bb1 Re7 13. Rh3 h6 14. a3 Nc6 15.
g4 Re8 16. Bd3 Qc7 17. g5 hxg5 18. fxg5 Bxe5 19. dxe5 Nxe5 20. gxf6 g6 21. Nf3
Nxd3 22. Qxd3 Qd8 23. Qd4 e5 24. Qh4 Bxh3 25. Qh6 Qxf6 26. Ng5 Qf1# 0-1

[Event "ICS rated bullet match"]
[Site "204.178.125.65"]
[Date "2000.02.22"]
[Round "?"]
[White "Hossa"]
[Black "Rocket-Man"]
[Result "1-0"]
[WhiteElo "2392"]
[BlackElo "2212"]
[PlyCount "25"]

1. e4 c5 2. f4 Nc6 3. Nc3 g6 4. Bc4 Bg7 5. Nf3 Nf6 6. e5 Ng4 7. Bxf7+ Kxf7 8.
Ng5+ Kf8 9. Qxg4 d6 10. e6 Nd4 11. O-O h5 12. Qg3 Bf6 13. Nf7 1-0

[Event "ICS rated bullet match"]
[Site "204.178.125.65"]
[Date "2000.02.22"]
[Round "?"]
[White "Hossa"]
[Black "Rocket-Man"]
[Result "1-0"]
[WhiteElo "2408"]
[BlackElo "2196"]
[PlyCount "47"]

1. Nf3 c5 2. c4 Nc6 3. e3 Nf6 4. Nc3 e6 5. d4 d5 6. cxd5 exd5 7. Be2 Be6 8. O-O
Be7 9. dxc5 Bxc5 10. Qb3 Qe7 11. Ng5 O-O 12. Bd2 Rae8 13. Rfd1 h6 14. Nxe6 fxe6
15. Rac1 Kh8 16. Qc2 Bb6 17. Qg6 e5 18. Bf3 e4 19. Be2 d4 20. exd4 Nxd4 21. Bc4
Bc7 22. Bxh6 Ne6 23. Bxe6 Qxe6 24. Qxg7# 1-0

[Event "ICS rated bullet match"]
[Site "204.178.125.65"]
[Date "2000.02.22"]
[Round "?"]
[White "Rocket-Man"]
[Black "Hossa"]
[Result "0-1"]
[WhiteElo "2189"]
[BlackElo "2415"]
[PlyCount "48"]

1. d4 Nf6 2. f4 d5 3. e3 e6 4. Nd2 c5 5. Bd3 Bd6 6. c3 O-O 7. Ngf3 Nc6 8. O-O
cxd4 9. cxd4 Re8 10. Ne5 Qb6 11. Rf3 Nb4 12. Bb1 Re7 13. Rh3 h6 14. a3 Nc6 15.
g4 Re8 16. g5 hxg5 17. fxg5 Bxe5 18. dxe5 Nd7 19. g6 Ncxe5 20. gxf7+ Nxf7 21.
Qh5 Nf6 22. Qg6 Nh8 23. Qg5 e5 24. Bg6 Bxh3 0-1

[Event "ICS rated blitz match"]
[Site "204.178.125.65"]
[Date "2000.02.22"]
[Round "?"]
[White "Rodolfo"]
[Black "Hossa"]
[Result "0-1"]
[WhiteElo "2019"]
[BlackElo "2293"]
[PlyCount "66"]

1. e4 e5 2. Nf3 Nc6 3. Bb5 Nf6 4. d3 d6 5. Nbd2 Be7 6. Nf1 O-O 7. Bg5 a6 8. Bc4
h6 9. Bd2 d5 10. exd5 Nxd5 11. h3 Nb6 12. Bb3 a5 13. a3 Nd4 14. Nxd4 exd4 15.
Ng3 a4 16. Ba2 Re8 17. O-O Nd5 18. Ne4 b5 19. Qf3 Bb7 20. Rae1 Ra6 21. Bb4 Bxb4
22. axb4 Ba8 23. Nc5 Rf6 24. Qd1 Rxe1 25. Qxe1 Nf4 26. Qe5 Nxh3+ 27. gxh3 Rg6+
28. Qg3 Rxg3+ 29. fxg3 Qg5 30. Bxf7+ Kh7 31. g4 Qe3+ 32. Rf2 Qe1+ 33. Rf1 Qg3#
0-1

[Event "ICS rated bullet match"]
[Site "204.178.125.65"]
[Date "2000.02.22"]
[Round "?"]
[White "Hossa"]
[Black "Kvasibarn"]
[Result "1-0"]
[WhiteElo "2422"]
[BlackElo "2115"]
[PlyCount "49"]

1. d4 e5 2. dxe5 Nc6 3. e4 Nxe5 4. Bd2 Nf6 5. f4 Nc6 6. Nc3 Bc5 7. e5 Ng8 8.
Qg4 g6 9. O-O-O d5 10. Qg3 Nge7 11. Qh4 Nf5 12. Qxd8+ Kxd8 13. Nxd5 Bd7 14. Nf3
Kc8 15. Ng5 Rf8 16. Nxh7 Rh8 17. Ndf6 Ncd4 18. Nxd7 Kxd7 19. Nf6+ Kc6 20. g4
Ne7 21. b4 Bb6 22. c4 Nf3 23. b5+ Kc5 24. Bc3 Ba5 25. Nd7# 1-0

[Event "ICS rated bullet match"]
[Site "204.178.125.65"]
[Date "2000.02.22"]
[Round "?"]
[White "Kvasibarn"]
[Black "Hossa"]
[Result "0-1"]
[WhiteElo "2110"]
[BlackElo "2427"]
[PlyCount "20"]

1. d4 d5 2. Nc3 e6 3. e4 dxe4 4. Nxe4 Qd5 5. Bd3 f5 6. c4 Bb4+ 7. Bd2 Qxd4 8.
Bxb4 fxe4 9. Qh5+ g6 10. Qc5 Qxc5 0-1

[Event "ICS rated blitz match"]
[Site "204.178.125.65"]
[Date "2000.02.22"]
[Round "?"]
[White "Hossa"]
[Black "Byzantine"]
[Result "1-0"]
[WhiteElo "2277"]
[BlackElo "2027"]
[PlyCount "55"]

1. e4 c6 2. Nc3 d5 3. d4 dxe4 4. Nxe4 Nf6 5. Nxf6+ exf6 6. Nf3 Bd6 7. Be2 O-O
8. O-O Bg4 9. Re1 Qc7 10. h3 Bh5 11. Nd2 Bxe2 12. Qxe2 Na6 13. c4 Nb4 14. Nf3
Qd7 15. a3 Rfe8 16. Be3 Na6 17. b3 Rad8 18. b4 g6 19. Qd3 Nc7 20. Bh6 f5 21.
Rad1 Rxe1+ 22. Rxe1 Re8 23. Re3 a5 24. Rxe8+ Nxe8 25. bxa5 Nf6 26. Qb3 Qe7 27.
c5 Bb8 28. a6 1-0